Подробности
| 000 -МАРКЕР |
| контрольное поле |
02252nam0a2200373 4500 |
| 001 - ИДЕНТИФИКАТОР ЗАПИСИ |
| контрольное поле |
RU\NLR\BIBL_A\012916806 |
| 005 - ИДЕНТИФИКАТОР ВЕРСИИ |
| контрольное поле |
20250624224129.0 |
| 010 ## - МЕЖДУНАРОДНЫЙ СТАНДАРТНЫЙ НОМЕР КНИГИ (ISBN) |
| Номер (ISBN) |
978-5-17-150515-8 |
| Тираж |
2000 |
| 021 ## - НОМЕР ГОСУДАРСТВЕННОЙ РЕГИСТРАЦИИ |
| Код страны |
российская федерация |
| Номер |
2022-62077 |
| Номер Листа государственной регистраци |
КН-П-5377 |
| 035 ## - ДРУГИЕ СИСТЕМНЫЕ НОМЕРА |
| Идентификатор записи |
(RuMoRGB)011207041 |
| 035 ## - ДРУГИЕ СИСТЕМНЫЕ НОМЕРА |
| Идентификатор записи |
(NLR Aleph) 012916806 |
| 100 ## - ДАННЫЕ ОБЩЕЙ ОБРАБОТКИ |
| Данные общей обработки |
20221021d2022 |||y0rusy50 ca |
| 101 0# - ЯЗЫК РЕСУРСА |
| Язык текста, звукозаписи и т.д. |
английский |
| 102 ## - СТРАНА ПУБЛИКАЦИИ ИЛИ ПРОИЗВОДСТВА |
| Страна публикации |
российская федерация |
| 105 ## - ПОЛЕ КОДИРОВАННЫХ ДАННЫХ: ТЕКСТОВЫЕ МАТЕРИАЛЫ, МОНОГРАФИЧЕСКИЕ |
| Кодированные данные о монографическом текстовом документе |
y z 000ay |
| 181 #0 - ПОЛЕ КОДИРОВАННЫХ ДАННЫХ: ВИД СОДЕРЖАНИЯ |
| Код вида содержания (ISBD) |
i |
| Код характеристики содержания (ISBD) |
axxe |
| 182 #0 - ПОЛЕ КОДИРОВАННЫХ ДАННЫХ: ТИП СРЕДСТВА |
| Код типа средства (ISBD) |
n - непосредственное |
| 200 1# - ЗАГЛАВИЕ И СВЕДЕНИЯ ОБ ОТВЕТСТВЕННОСТИ |
| Основное заглавие |
Anne of Green Gables |
| Сведения, относящиеся к заглавию |
[a novel] |
| Первые сведения об ответственности |
Lucy Maud Montgomery |
| 203 ## - ВИД СОДЕРЖАНИЯ И ТИП СРЕДСТВА |
| Вид содержания |
Текст |
| Дополнительные сведения об издании |
визуальный |
| Тип средства |
непосредственный |
| 210 ## - ПУБЛИКАЦИЯ, РАСПРОСТРАНЕНИЕ И ДР. |
| Место издания, распространения и т.д. |
Москва |
| Имя издателя, распространителя и т. д. |
АСТ |
| Дата издания, распространения и т.д. |
2022 |
| 215 ## - ФИЗИЧЕСКАЯ ХАРАКТЕРИСТИКА |
| Специфическое обозначение материала и объем |
381 с. |
| Размеры |
19 |
| 225 1# - СЕРИЯ |
| Основное заглавие серии |
Exclusive classics hardcover |
| 300 ## - ОБЩИЕ ПРИМЕЧАНИЯ |
| Текст примечания |
В вып. дан.: Энн из Зеленых Мезонинов / Люси Монтгомери |
| 330 ## - РЕЗЮМЕ ИЛИ РЕФЕРАТ |
| Текст примечания |
На серии книг о рыжеволосой девочке-сироте выросло уже не одно поколений читателей по всему миру. Именно они принесли канадской писательнице признание и славу. Главная героиня произведения "Энн из Зеленых Мезонинов" Энн Ширли - жизнерадостная и разговорчивая девочкой с богатой фантазией. Не смотря на все удары судьбы, ей удается оставаться такой же доброй, любознательно и внимательной к людям. Волею судеб она оказывается в семье Катберт и получает шанс на новую жизнь, полную удивительных открытий и верных друзей. Текст произведения дан в оригинале в неизменном виде |
| 333 ## - ПРИМЕЧАНИЯ ОБ ОСОБЕННОСТЯХ РАСПРОСТРАНЕНИЯ И ИСПОЛЬЗОВАНИЯ |
| Текст примечания |
12+ |
| 517 1# - ДРУГИЕ ВАРИАНТЫ ЗАГЛАВИЯ |
| Вариант заглавия |
Энн из Зеленых Мезонинов |
| 686 0# - ИНДЕКСЫ ДРУГИХ КЛАССИФИКАЦИЙ |
| Индекс |
Ш9(7К)62-4 |
| 700 #1 - ИМЯ ЛИЦА - ПЕРВИЧНАЯ ОТВЕТСТВЕННОСТЬ |
| Графика поля |
Латинская |
| Материалы, к которым относится поле |
eng |
| Начальный элемент ввода |
Montgomery |
| Часть имени, кроме начального элемента ввода |
L. M. |
| Даты |
1874-1942 |
| Расширение инициалов личного имени |
Lucy Maud |
| Системный номер авторитетной/нормативной записи |
257967 |
| Идентификатор авторитетной/нормативной записи |
RU\NLR\AUTH\770258023 |
| 942 ## - ДОПОЛНИТЕЛЬНЫЕ ЭЛЕМЕНТЫ ЗАПИСИ (АБИС) |
| Тип экземпляра АБИС |
Книга |
| 980 ## - КОЛЛЕКЦИЯ |
| Название коллекции |
Национальная библиография |